Catalogue de la Bibliothèque de l'ENSA

La république algérienne démocratique et populaire (notice nᵒ 4495)

détails MARC
000 -LEADER
fixed length control field 00612nam a2200193Ia 4500
008 - FIXED-LENGTH DATA ELEMENTS--GENERAL INFORMATION
fixed length control field 160105s9999 xx 000 0 und d
020 ## - INTERNATIONAL STANDARD BOOK NUMBER
International Standard Book Number 2-7380-1210-8
041 ## - LANGUAGE CODE
Language code of text/sound track or separate title fre
245 ## - TITLE STATEMENT
Title La république algérienne démocratique et populaire
260 ## - PUBLICATION, DISTRIBUTION, ETC.
Place of publication, distribution, etc Paris
260 ## - PUBLICATION, DISTRIBUTION, ETC.
Name of publisher, distributor, etc PUF
260 ## - PUBLICATION, DISTRIBUTION, ETC.
Date of publication, distribution, etc 1979
490 ## - SERIES STATEMENT
Series statement Publications de la faculté de droit et des sciences économiques de Limoges
653 ## - INDEX TERM--UNCONTROLLED
Uncontrolled term REVOLUTION/ INDEPENDANCE/ CULTURE/ ISLAM
654 ## - SUBJECT ADDED ENTRY--FACETED TOPICAL TERM
General subdivision PAYS ARABES/HISTOIRE/POLITIQUE/ECONOMIE/SOCIALISME/DEVELOPPEMENT AGRICOLE/ALGERIE
942 ## - ADDED ENTRY ELEMENTS (KOHA)
Koha item type Ouvrage
994 ## -
-- 104532
Exemplaires
Withdrawn status Lost status Damaged status Use restrictions Not for loan Home library Current library Cost, normal purchase price Shelving control number Total Checkouts Total Renewals Total Holds Full call number Barcode Cost, replacement price Koha item type
          Bibliothèque Centrale Bibliothèque Centrale 0.00         BC_564 31/A BC_564 31/A 0.00 Ouvrage
          Bibliothèque Centrale Bibliothèque Centrale 0.00         BC_575 46 BC_575 46 0.00 Ouvrage

Adresse: Ecole Nationale Supérieure Agronomique Hassen Badi - El Harrach Alger, Algérie

Tél +213 (0) 23 82 85 07+213 (0) 23 82 85 12 Fax +213 23 82 85 03/04 Courriel: bibliotheque@edu.ensa.dz